| 000 | 00544nam a22001817a 4500 | ||
|---|---|---|---|
| 003 | OSt | ||
| 005 | 20250709052506.0 | ||
| 008 | 250709b |||||||| |||| 00| 0 eng d | ||
| 020 | _a9789719654292 | ||
| 040 |
_aDWCL - Main lib _cOC |
||
| 082 | _aFil. 344.01 L961l 2016 | ||
| 100 | _aLuna ,Alden Reuben B. | ||
| 245 |
_a Labor laws and legislation/ _cAlden Reuben B. Luna |
||
| 260 |
_aManila : _b Unlimited Books, _cc2016. |
||
| 300 |
_avi, 468 pages ; _c24 cm. |
||
| 650 | _a1.Labor laws and legislations. | ||
| 942 |
_2ddc _cBK - FIL _kFil. _n0 |
||
| 999 |
_c3528 _d3528 |
||